01500nam a22002177a 4500003000400000005001700004008004100021082001500062100004800077245004000125250001700165260005100182300002600233490005200259520059000311650017000901700002401071942001601095952015601111999001501267OSt20260408105620.0260408b |||||||| |||| 00| 0 SPA d 28449422973 a Merriam-Webster Inc. y Longman Group Ltd.. aEnglish Dictionary Spanish Edition a1RA EDICION  aBarcelona-España bEditorial Océanoc1992. a1071 páginas.c26cm 3 tapa dura encuadernación de lujoacon CD-ROM aClarificar el léxico: Define términos complejos de forma sencilla, incluyendo neologismos, tecnicismos y modismos actuales. Perfeccionar la gramática: Guía al usuario en el uso correcto de estructuras, verbos compuestos (phrasal verbs) y colocaciones comunes. Fomentar la autonomía: Busca que el lector desarrolle la capacidad de pensar en inglés al ofrecer ejemplos de uso en contextos reales. Apoyar el aprendizaje multimedia: Complementa la consulta textual con recursos interactivos (en sus versiones con CD-ROM) para mejorar la pronunciación y la retención visual. aCategoría Gramatical , Definición Monolingüe , Ejemplos de UsovAudios de Pronunciación:xSección Preliminar , Cuerpo del Diccionario, Anexos y Apéndices aLongman Group Ltd.. 2ddccBKAn0 00102ddc40708E03aISUSbISUScBiblioteca Abiertad2026-04-08eIDIOMAS f0480i0480l0oINGLES pIDIOMA0480r2026-04-08 10:57:43t1w2026-04-08yBKA c2056d2056